00618nam a2200217 a 4500001001300000003000900013005001700022008004100039020001000080082002100090100001800111245003400129260005700163300000800220500003500228505005100263650001800314650001800332650003200350700001800382nice12345678IN_TiNIC20260116013428.0050524s1960 luca grp 000 0 eng  ac10000a306.6297054bANS aAnsari, Ghaus aMuslim Caste in Uttar Pradesh aLucknowbEthnographic and Folk Culture Societyc1960 a80p aincludes index and biblioraphy2 aBibliography, Sources, Glossary, Abbreviations aMuslims-India aCaste-Muslims aCaste-Muslims-Uttar Pradesh1 aAnsari, Ghaus